Teplotná závislosť vodivosti PEDOT:PSS pre senzorické aplikácie

Enregistré dans:
Détails bibliographiques
Auteur principal: Harmada, Adam (Auteur)
Autres auteurs: Weis, Martin (Directeur de thèse)
Format: Manuscrit Livre
Langue:slovaque
Publié: Bratislava : STU v Bratislave FEI, 2021
Sujets:
Accès en ligne:https://opac.crzp.sk/?fn=detailBiblioForm&sid=38F43C5054BC4F7F2BBCC4F31F28&seo=CRZP-detail-kniha
Tags: Ajouter un tag
Pas de tags, Soyez le premier à ajouter un tag!

MARC

LEADER 00000ntm a22000003a 4500
001 stuzp82688
003 SK-STU
005 20210817130858.5
007 ta
008 150427s2015----xo-----f-mn---000-0-slo-d
040 |a STU  |b slo 
041 0 |a slo 
044 |a xo 
100 1 |a Harmada, Adam  |u 033000  |4 aut  |U FEI Fakulta elektrotechniky a informatiky  |U FEI Fakulta elektrotechniky a informatiky  |T FEI Ústav elektroniky a fotoniky  |X 97573  |U E030  |Y 549  |7 97573 
242 0 1 |a TEMPERATURE DEPENDENCE of PEDOT:PSS for SENSORIC APPLICATIONS  |y eng 
245 1 0 |a Teplotná závislosť vodivosti PEDOT:PSS pre senzorické aplikácie 
260 |a Bratislava :  |b STU v Bratislave FEI,  |c 2021 
300 |a 44 s. 
650 4 |a flexibilná elektronika  |2 slo 
650 4 |a sekundárna dopácia  |2 slo 
650 4 |a organické polyméry  |2 slo 
650 4 |a secondary doping  |2 eng 
650 4 |a flexible electronics  |2 eng 
650 4 |a organic polymers  |2 eng 
700 1 |a Weis, Martin  |u 033000  |k Z1  |4 ths  |U FEI Fakulta elektrotechniky a informatiky  |U FEI Fakulta elektrotechniky a informatiky  |T FEI Ústav elektroniky a fotoniky  |X 10243  |U E030  |Y 549  |7 A000010243 
856 4 |u https://opac.crzp.sk/?fn=detailBiblioForm&sid=38F43C5054BC4F7F2BBCC4F31F28&seo=CRZP-detail-kniha